| 000 | 00388cam a2200145ua 4500 | ||
|---|---|---|---|
| 041 |
_aeng _h |
||
| 100 | _aUdpa, S.R . | ||
| 245 |
_aQuality circles: Progress through participation / _cS.R.Udpa. _hTextual Documents |
||
| 250 |
_a2 / _b. |
||
| 260 |
_aNew Delhi : _bTata Mc-Graw Hill Publishing Company , _c1992. |
||
| 300 | _a ; . | ||
| 504 | _a | ||
| 942 | _cBK | ||
| 999 |
_c12958 _d12958 |
||